Statistics for 2024 MLB Opening Day Starting Pitchers

Click here to take the quiz!

General Stats

  • This quiz has been taken 98 times
  • The average score is 20 of 30

Answer Stats

HintAnswer% Correct
Baltimore OriolesCorbin Burnes
95%
Atlanta BravesSpencer Strider
94%
Houston AstrosFramber Valdez
90%
Arizona DiamondbacksZac Gallen
90%
Philadelphia PhilliesZack Wheeler
85%
Chicago CubsJustin Steele
82%
Seattle MarinersLuis Castillo
78%
Los Angeles DodgersTyler Glasnow
78%
New York YankeesNestor Cortes
77%
Cleveland GuardiansShane Bieber
77%
San Diego PadresYu Darvish
77%
Washington NationalsJosiah Gray
75%
Texas RangersNathan Eovaldi
75%
San Francisco GiantsLogan Webb
72%
Minnesota TwinsPablo Lopez
72%
Detroit TigersTarik Skubal
66%
Boston Red SoxBrayan Bello
65%
Oakland AthleticsAlex Wood
62%
St. Louis CardinalsMiles Mikolas
59%
Pittsburgh PiratesMitch Keller
58%
Milwaukee BrewersFreddy Peralta
57%
Toronto Blue JaysJose Berrios
56%
Tampa Bay RaysZach Eflin
56%
Miami MarlinsJesus Luzardo
51%
Kansas City RoyalsCole Ragans
49%
Los Angeles AngelsPatrick Sandoval
49%
Colorado RockiesKyle Freeland
47%
New York MetsJose Quintana
42%
Chicago White SoxGarrett Crochet
41%
Cincinnati RedsFrankie Montas
39%

Score Distribution

Percentile by Number Answered

Percent of People with Each Score

Your Score History

You have not taken this quiz